=LDR 00000nam 2200000 4500 =001 INLIS000000000041047 =005 20130612150611 =008 ***********************************ind** =035 ##$$0010-061300000041047 =041 ##$$a ind =082 ##$$a 650.1 =090 ##$$a 650.1, Hid b =100 ##$$a Hidayat =245 ##$$a Bisnis Reparasi Ponsel =260 ##$$a 2009 $b aJakarta =300 ##$$a 115 hl, ilus, 20 cm =700 ##$$a Diani Septia Dewi =850 ##$$a NBPNMAT